| 000 | 00378nam a2200157Ia 4500 | ||
|---|---|---|---|
| 008 | 230917s9999||||xx |||||||||||||| ||und|| | ||
| 020 | _cRS250 | ||
| 040 |
_e20977 _aMAIN |
||
| 041 | _aEnglish | ||
| 082 | _a514 J781I | ||
| 100 | _aJoshi, K D | ||
| 245 | 0 | _aIntroduction to general topology | |
| 260 |
_aNew Delhi _bWiley Eastern _c1983 |
||
| 300 | _axii, 412 p. | ||
| 942 | _cBK | ||
| 999 |
_c36240 _d36240 |
||